| 000 | 00626nam a2200193Ia 4500 | ||
|---|---|---|---|
| 008 | 140321s9999 xx 000 0 und d | ||
| 020 | _a9710871170 | ||
| 050 |
_aPE 1112 _b.J86 2011 |
||
| 100 | _aJoven, Jose R. | ||
| 245 |
_aEnglish 1 : _bcreative and critical thinking fpr communicative skills / _cJose R. Joven. |
||
| 260 |
_aMandaluyong City : _bNational Book Store, _cc2011. |
||
| 300 |
_a149 p. : _c23 cm. |
||
| 500 | _aIncludes bibliographical references. | ||
| 521 | _aMC | ||
| 650 |
_aEnglish language _xComposition and exercises. |
||
| 650 |
_aEnglish language _xGrammar. |
||
| 942 |
_kLOC _cBK |
||
| 999 |
_c48402 _d48402 |
||